| 000 | 02345nam2a22003131 4500 | ||
|---|---|---|---|
| 001 | RU\NLR\19V\934397 | ||
| 005 | 20260406064356.0 | ||
| 035 | _a(NLR Aleph) 005289508 | ||
| 090 |
_a6176151 _c6176151 |
||
| 100 | _a20130419d1899 |||y0rusy50 ca | ||
| 101 | 1 |
_arus _cgrc |
|
| 102 | _aRU | ||
| 105 | _aa z ||1|b | ||
| 200 | 1 |
_aЖитие и подвизание иже во святых отца нашего Порфирия епископа Газского _eродился около 393 г., скончался в 421 г. _eпамять 26 февраля _e[перевод с греческого И. Помяловского из Трудов Королевской академии наук в Берлине за 1874 г. _fМарк, дьякон] |
|
| 210 |
_d1899 _aБ. м. |
||
| 215 |
_a78 с., 1 л. ил. _d18 |
||
| 300 | _aАвт. указан в предисл. переводчика | ||
| 320 | _aУказатель собственных имен: с. 75-77 | ||
| 461 | 0 |
_1001rc\1979747 _12001#$aПалестинский патерик$e[жития Палестинских святых]$vВып. 5 _96157463 _cС.-Петербург _d1898-1908 _e2-е изд. _n[издание] Императорского Православного Палестинского общества _o[жития Палестинских святых] _tПалестинский патерик _vВып. 5 |
|
| 488 | 0 |
_12001#$aAbhandlungen der k. Akademie der Wissenschaften in Berlin...debst der Geschichte der Akad. in diesem Zeitraum$v1874 г. _15411#$aТруды Королевской академии наук в Берлине$zrus _171002$3RU\NLR\AUTH\8810972$7ba$aPreussische Akademie der Wissenschaften$cBerlin _tAbhandlungen der k. Akademie der Wissenschaften in Berlin...debst der Geschichte der Akad. in diesem Zeitraum _aPreussische Akademie der Wissenschaften (Berlin) |
|
| 700 | 0 |
_aМарк _cдьякон _fV в. |
|
| 702 | 1 |
_4730 _8rus _7ca _aПомяловский _bИ. В. _f1845-1906 _gИван Васильевич _3RU\NLR\AUTH\7753352 _936284 |
|
| 702 | 0 |
_4570 _8rus _7ca _aПорфирий _cепископ Газский _f-421 _3RU\NLR\AUTH\7714206 _9123879 |
|
| 801 | 0 |
_aRU _bNLR _c20130419 _gpsbo |
|
| 801 | 1 |
_aRU _bNLR _c20130419 _2rusmarc |
|
| 801 | 2 |
_aRU _bNLR _c20130419 _2rusmarc |
|
| 852 |
_aNLR _j20.98.5.375 (5) |
||
| 942 | _cBOOK | ||
| 980 | _aNB | ||